000 00440cam a2200181 4500
001 D11946
008 090401t1933 xxu||||| |||| 00| 0 eng d
035 _a(Sirsi) u351
041 _aeng
110 _aAir Survey Committee
_93065
245 0 2 _aA simple method of surveying from air photographs
260 _aLondon
_bHMSO
_c1933
350 _a0
520 _aShelf 176
700 1 _aSalt, J. S. A.
942 _n0
948 _c04/03/1997
999 _c85536
_d85536